Normal view
MARC view
- Lalbige Shivali
Entry Personal Name
001 - CONTROL NUMBER
- control field: 184144
003 - CONTROL NUMBER IDENTIFIER
- control field: OSt
005 - DATE AND TIME OF LATEST TRANSACTION
- control field: 20230605085110.0
008 - FIXED-LENGTH DATA ELEMENTS
- fixed length control field: 230605|| aca||aabn | a|a d
040 ## - CATALOGING SOURCE
- Original cataloging agency: OSt
- Transcribing agency: OSt
100 ## - HEADING--PERSONAL NAME
- Personal name: Lalbige Shivali
670 ## - SOURCE DATA FOUND
- Source citation: Work cat.: (OSt)161751: Lalbige Shivali, Assessing The Feasibility Of District Cooling System For Townships In Pune, 2020